000 00723nam a2200277Ia 4500
001 20470
005 20240114000518.0
007 ta
008 060222s1980 a g b000 u 465 u
020 _cPB
040 _aCotton College,Assam
041 _a465
082 _a821.09
_bBl 581 So
100 _aBlake, William.
245 0 _aSongs of Innocence & Songs of Experience /
_cWilliam Blake.
_hTextual Documents
250 _a1st ed. /
260 _aMadras :
_bMacmillan India Ltd. ,
_c1980.
300 _a101p. :
_bill ;
_c19cm .
653 _aEnglish Poetry-Criticism
653 _aG-English
942 _2ddc
_cBK
999 _c20452
_d20452